| 000 | 01949cam a2200397 a 4500 | ||
|---|---|---|---|
| 001 | 16862626 | ||
| 005 | 20170105102905.0 | ||
| 008 | 110708s2012 enka b 001 0 eng | ||
| 010 | _a 2011028858 | ||
| 016 | 7 |
_a015846137 _2Uk |
|
| 020 | _a9780415671668 (hardback) | ||
| 020 | _a0415671663 (hardback) | ||
| 020 | _a9780203137734 (ebook) | ||
| 020 | _a0203137736 (ebook) | ||
| 035 | _a(OCoLC)ocn698324462 | ||
| 040 |
_aDLC _cDLC _dYDX _dBTCTA _dYDXCP _dUKMGB _dBWX _dIUL _dDEBBG _dDLC |
||
| 042 | _apcc | ||
| 050 | 0 | 0 |
_aBP166.9 _b.A73 2012 |
| 082 | 0 | 0 |
_a297.2/72095609041 _223 |
| 084 |
_aNQ 8842 _2rvk |
||
| 100 | 1 | _aArdıc̦, Nurullah. | |
| 245 | 1 | 0 |
_aIslam and the politics of secularism : _bthe Caliphate and Middle Eastern modernization in the early 20th century / _cNurullah Ardiç. |
| 260 |
_aLondon ; _aNew York : _bRoutledge, _c2012. |
||
| 300 |
_a390 p. : _bill. ; _c24 cm. |
||
| 490 | 1 |
_aSOAS/Routledge studies on the Middle East ; _v16 |
|
| 504 | _aIncludes bibliographical references (p. [352]-377) and index. | ||
| 505 | 0 | _aIslam and politics in the Middle East -- Modernization and Islam in the Ottoman Empire -- The Caliphate question: historical and discursive context -- Secularization of politics and discourse in the Caliphal center (1908-1916) -- World War I, European colonialism and the Caliphate's periphery (1914-1920) -- Abolition of the Caliphate: religious justification of a secular reform (1919-1924) -- Islam and modernity: confrontation or accommodation?. | |
| 650 | 0 |
_aCaliphate _xHistory _y20th century. |
|
| 650 | 0 |
_aIslam and politics _zTurkey. |
|
| 650 | 0 |
_aSecularism _zTurkey _xHistory _y20th century. |
|
| 651 | 0 |
_aTurkey _xPolitics and government _y1909-1918. |
|
| 830 | 0 |
_aSOAS/Routledge studies on the Middle East ; _v16. |
|
| 906 |
_a7 _bcbc _corignew _d1 _eecip _f20 _gy-gencatlg |
||
| 942 |
_2ddc _cBK |
||
| 999 |
_c14841 _d14841 |
||